[Event "UKR-ch"]
[Site "Simferopol"]
[Date "2003.11.08"]
[Round "5"]
[White "Kim, Stanislav"]
[Black "Ostrovskiy, Andrey"]
[Result "0-1"]
[WhiteElo "2104"]
[BlackElo "2227"]
[PlyCount "122"]
[EventDate "2003.11.04"]
[EventType "swiss"]
[EventRounds "9"]
[EventCountry "UKR"]
[SourceTitle "CBM 097 Extra"]
[Source "ChessBase"]
[SourceDate "2004.01.13"]
[SourceVersion "1"]
[SourceVersionDate "2004.01.13"]
[SourceQuality "1"]

1. e4 c5 2. Nf3 d6 3. g3 Nc6 4. Bg2 Nf6 5. d3 g6 6. 0-0 Bg7 7. Re1 e5 8. Nc3 0-0 9. Nd2 Rb8 10. a4 a6 11. Nc4 b5 12. axb5 axb5 13. Ne3 b4 14. Ncd5 Nxd5 15. exd5 Ne7 16. Ra7 Bb7 17. c4 Qb6 18. Qa4 f5 19. f4 Nc8 20. Ra5 Qc7 21. b3 Nb6 22. Qa2 Rfe8 23. Ra7 Ra8 24. Rxa8 Rxa8 25. Qf2 Nd7 26. Bh3 Qd8 27. Ng2 Ra1 28. g4 exf4 29. Bxf4 g5 30. Rxa1 Bxa1 31. Qe1 Be5 32. Bxe5 Nxe5 33. Qe2 h5 34. gxf5 g4 35. Nf4 Qg5 36. Ne6 Qxf5 37. Bf1 Bc8 38. Bg2 Qxd3 39. Qxd3 Nxd3 40. Be4 Bxe6 41. Bxd3 Bf7 42. h3 gxh3 43. Kh2 Kg7 44. Kxh3 Bg6 45. Bxg6 Kxg6 46. Kh4 Kh6 47. Kh3 Kg5 48. Kg3 h4+ 49. Kh3 Kh5 50. Kh2 Kg4 51. Kg2 h3+ 52. Kh2 Kh4 53. Kh1 Kg3 54. Kg1 h2+ 55. Kh1 Kf3 56. Kxh2 Ke3 57. Kg3 Kd3 58. Kf4 Kc3 59. Kf5 Kxb3 60. Ke6 Kxc4 61. Kxd6 b3 0-1

[Event "UKR-ch"]
[Site "Simferopol"]
[Date "2003.11.07"]
[Round "4"]
[White "Lisitza, Sergey"]
[Black "Kim, Stanislav"]
[Result "0-1"]
[WhiteElo "2056"]
[BlackElo "2104"]
[PlyCount "88"]
[EventDate "2003.11.04"]
[EventType "swiss"]
[EventRounds "9"]
[EventCountry "UKR"]
[SourceTitle "CBM 097 Extra"]
[Source "ChessBase"]
[SourceDate "2004.01.13"]
[SourceVersion "1"]
[SourceVersionDate "2004.01.13"]
[SourceQuality "1"]

1. c4 Nf6 2. Nc3 g6 3. g3 Bg7 4. Bg2 e5 5. Nf3 d6 6. 0-0 0-0 7. d4 Nc6 8. dxe5 Nxe5 9. Qb3 Nxf3+ 10. Bxf3 Rb8 11. Bg5 h6 12. Bd2 Nd7 13. Bg2 Ne5 14. Nd5 Be6 15. f4 Nxc4 16. Qxc4 c6 17. Bc3 cxd5 18. Bxd5 Rc8 19. Qb3 Bxd5 20. Qxd5 Qb6+ 21. Kg2 Bxc3 22. bxc3 Rxc3 23. Rad1 Re8 24. Rd2 Qc6 25. Qxc6 bxc6 26. Rb1 d5 27. Rb7 a5 28. Ra7 Rc5 29. Rb2 d4 30. Kf2 g5 31. Rd7 Rc4 32. fxg5 hxg5 33. Rbb7 Rc2 34. Rxf7 Rexe2+ 35. Kf1 d3 36. Kg1 Re1+ 37. Rf1 d2 38. Rd7 Rcc1 39. Rd8+ Kg7 40. Rd7+ Kg6 41. Rd6+ Kh5 42. g4+ Kxg4 43. h3+ Kh4 44. Rxd2 Rxf1+ 0-1

[Event "UKR-ch"]
[Site "Simferopol"]
[Date "2003.11.04"]
[Round "1"]
[White "Nalivajko, Evgeny"]
[Black "Kim, Stanislav"]
[Result "1-0"]
[WhiteElo "2400"]
[BlackElo "2104"]
[PlyCount "78"]
[EventDate "2003.11.04"]
[EventType "swiss"]
[EventRounds "9"]
[EventCountry "UKR"]
[SourceTitle "CBM 097 Extra"]
[Source "ChessBase"]
[SourceDate "2004.01.13"]
[SourceVersion "1"]
[SourceVersionDate "2004.01.13"]
[SourceQuality "1"]

1. d4 Nf6 2. Nf3 d5 3. c4 e6 4. g3 b6 5. Bg2 Nbd7 6. 0-0 Bd6 7. Qc2 a5 8. Nc3 Ba6 9. Nd2 c6 10. e4 Be7 11. e5 Ng4 12. b3 h5 13. Qd1 g6 14. Bb2 Rc8 15. a4 c5 16. Nb5 Bxb5 17. axb5 dxc4 18. Nxc4 0-0 19. d5 exd5 20. Bxd5 Kh7 21. Be4 f5 22. Bc6 Nb8 23. Bd5 Qc7 24. Qd2 Rcd8 25. Rad1 Rd7 26. Qc3 f4 27. Be4 f3 28. Rd3 Re8 29. Rfd1 h4 30. Bxf3 hxg3 31. hxg3 Nxe5 32. Nxe5 Bf6 33. Rxd7+ Nxd7 34. Rxd7+ Qxd7 35. Nxd7 Bxc3 36. Bxc3 Rd8 37. Bc6 c4 38. bxc4 a4 39. c5 a3 1-0

[Event "UKR-ch op"]
[Site "Alushta"]
[Date "1999.??.??"]
[Round "?"]
[White "Kim, Stanislav"]
[Black "Ivannikov, Oleg"]
[Result "0-1"]
[WhiteElo "2150"]
[BlackElo "2102"]
[PlyCount "78"]
[EventDate "1999.??.??"]
[EventType "swiss"]
[EventRounds "9"]
[EventCountry "UKR"]
[SourceTitle "EXT 2001"]
[Source "ChessBase"]
[SourceDate "2000.11.22"]
[SourceVersion "1"]
[SourceVersionDate "2000.11.22"]
[SourceQuality "1"]

1. e4 d5 2. exd5 Nf6 3. d4 Nxd5 4. Nf3 g6 5. Be2 Bg7 6. 0-0 0-0 7. c3 Nc6 8. Bg5 h6 9. Bd2 Re8 10. Qc1 e5 11. dxe5 Nxe5 12. Rd1 Bg4 13. Be3 Bxf3 14. gxf3 b5 15. f4 Nc4 16. Bxc4 bxc4 17. Na3 c6 18. Nxc4 Qh4 19. Kh1 Qg4 20. Rg1 Qf5 21. Ne5 Bxe5 22. fxe5 Rxe5 23. Bxh6 Qf3+ 24. Rg2 Re2 25. Kg1 Rae8 26. Qf1 Rxb2 27. Rg3 Qe2 28. Qg2 Qe1+ 29. Qf1 Qxf1+ 30. Kxf1 Ree2 31. Rf3 Rxa2 32. Rd1 Re4 33. c4 Rxc4 34. Re1 f5 35. Bg5 Kf7 36. h4 Rca4 37. Bc1 Rxh4 38. Kg2 Rg4+ 39. Kh3 Raa4 0-1

[Event "UKR-ch op"]
[Site "Alushta"]
[Date "1999.??.??"]
[Round "?"]
[White "Kravchenko, Leonid"]
[Black "Kim, Stanislav"]
[Result "1-0"]
[WhiteElo "2055"]
[BlackElo "2150"]
[PlyCount "39"]
[EventDate "1999.??.??"]
[EventType "swiss"]
[EventRounds "9"]
[EventCountry "UKR"]
[SourceTitle "EXT 2001"]
[Source "ChessBase"]
[SourceDate "2000.11.22"]
[SourceVersion "1"]
[SourceVersionDate "2000.11.22"]
[SourceQuality "1"]

1. d4 d5 2. c4 e6 3. Nf3 Be7 4. Nc3 Nf6 5. Bg5 c6 6. e3 0-0 7. Rc1 Nbd7 8. Bd3 dxc4 9. Bxc4 b5 10. Bd3 Bb7 11. 0-0 Qa5 12. e4 Rfe8 13. e5 Nd5 14. Nxd5 cxd5 15. Bxe7 Rxe7 16. Bb1 Ree8 17. Bxh7+ Kf8 18. Ng5 Qd8 19. Qh5 Re7 20. Bg6 1-0